Quiz o Portugalii - Statystyki

Ogólne statystyki
  • Ten quiz został rozwiązany 72 razy
    50 od ostatniego zresetowania
  • Średni wynik to 10 z 17
Statystyki odpowiedzi
Wskazówka Odpowiedź % Poprawnych
Stolica Lizbona
97%
Język urzędowy Portugalski
91%
Waluta Euro
88%
Liczba ludności w milionach (ok.) 10 mln
79%
Ocean, do którego ma dostęp Ocean Atlantycki
74%
Piłkarz, którego znanym okrzykiem jest "Siii!" Cristiano Ronaldo
68%
Półwysep, na którym jest położona Półwysep Iberyjski
62%
Drugi, po Lidlu, najpopularniejszy sklep w Polsce, który pochodzi właśnie z Portugalii Biedronka
59%
Największy partner handlowy Hiszpania
50%
Największa wyspa Madera
50%
Najdłuższa rzeka Tag
50%
Rok dołączenia do Unii Europejskiej 1986 r.
44%
Archipelag położony na Atlantyku, w którego skład wchodzi dziewięć wysp wulkanicznych; portugalski region autonomiczny Azory
44%
Portugalczycy znają 365 przepisów na danie z pewnej ryby. Co to za ryba? Dorsz
41%
Portugalski żeglarz, który z dofinansowaniem króla i królowej hiszpanii rozpoczął pierwsze okrążenie globu, jednak dopłynął do Filipin, gdzie zginął Ferdynant Magellan
35%
Rok dołączenia do NATO 1949 r.
26%
Ptak będący jednym z folklorystycznych symboli Portugalii, z którym wiąże się wiele legend Kogut
26%
Nie znaleziono quizów pasujących do podanych kryteriów
Rozkład punktacji
Procent ludzi z każdym wynikiem
Percentyl według liczby udzielonych odpowiedzi
Twoja historia wyników
Nie rozwiązałeś tego quizu od ostatniego zresetowania